[Event "BLR-ch (Women)"]
[Site "Minsk"]
[Date "2007.03.08"]
[Round "8"]
[White "Savushkina, Evgenia"]
[Black "Lvova, Yulia"]
[Result "1-0"]
[WhiteElo "2155"]
[BlackElo "1978"]
[PlyCount "89"]
[EventDate "2007.03.01"]
[EventType "tourn"]
[EventRounds "11"]
[EventCountry "BLR"]
[SourceTitle "EXT 2010"]
[Source "ChessBase"]
[SourceDate "2010.11.25"]
[SourceVersion "1"]
[SourceVersionDate "2010.11.25"]
[SourceQuality "1"]

1. e4 c5 2. Nf3 d6 3. d4 cxd4 4. Nxd4 Nf6 5. Nc3 a6 6. h3 e5 7. Nde2 Be6 8. g4 h6 9. Bg2 Be7 10. 0-0 g5 11. Ng3 Nbd7 12. a4 Nf8 13. Nd5 Ng6 14. Be3 Nxd5 15. exd5 Bd7 16. a5 Nf4 17. Ra3 Kf8 18. Bb6 Qe8 19. c4 Rc8 20. Rc3 h5 21. Nxh5 Nxh5 22. gxh5 f5 23. b4 Qxh5 24. Qxh5 Rxh5 25. c5 e4 26. Rfc1 Bf6 27. c6 bxc6 28. Rxc6 Bxc6 29. dxc6 Ke7 30. Bf1 Ra8 31. c7 Rhh8 32. Bxa6 Rxa6 33. c8Q Rxc8 34. Rxc8 Kd7 35. Rc7+ Ke6 36. b5 Ra8 37. a6 Bd8 38. Rb7 Bxb6 39. Rxb6 Kd5 40. Rb7 Kc5 41. a7 f4 42. b6 e3 43. fxe3 fxe3 44. Rb8 e2 45. Kf2 1-0

[Event "BLR-ch (Women)"]
[Site "Minsk"]
[Date "2007.03.06"]
[Round "6"]
[White "Azarova, Nadezhda"]
[Black "Savushkina, Evgenia"]
[Result "1-0"]
[WhiteElo "2244"]
[BlackElo "2155"]
[PlyCount "115"]
[EventDate "2007.03.01"]
[EventType "tourn"]
[EventRounds "11"]
[EventCountry "BLR"]
[SourceTitle "EXT 2010"]
[Source "ChessBase"]
[SourceDate "2010.11.25"]
[SourceVersion "1"]
[SourceVersionDate "2010.11.25"]
[SourceQuality "1"]

1. e4 c5 2. Nf3 Nc6 3. d4 cxd4 4. Nxd4 e5 5. Nb5 d6 6. N1c3 a6 7. Na3 b5 8. Nd5 Nge7 9. c4 Nxd5 10. cxd5 Nd4 11. Be3 Be7 12. Bd3 0-0 13. 0-0 g6 14. Bxd4 exd4 15. Nc2 Bf6 16. Qd2 Qb6 17. Rad1 Ra7 18. Kh1 Re7 19. f4 Qd8 20. Qf2 Bg4 21. Rc1 Rfe8 22. h3 Bc8 23. Nxd4 Rxe4 24. Bxe4 Rxe4 25. Nc6 Qe8 26. Rce1 Bd7 27. Qd2 Bxc6 28. Rxe4 Qxe4 29. dxc6 Qxc6 30. Rd1 Be7 31. Qd4 Qc5 32. Qe4 Bf6 33. b3 Kg7 34. a4 Bc3 35. Rd5 Qc6 36. axb5 axb5 37. Qd3 b4 38. Rxd6 Qe8 39. Qf3 Qe1+ 40. Kh2 Qe7 41. Rd5 h5 42. g3 Qa7 43. Qe2 Qa3 44. Qc2 Qa8 45. Rd3 Qa5 46. h4 Qc5 47. Qe2 Qa7 48. Rf3 Qa3 49. Qc2 Qa1 50. Kg2 Bd4 51. Rf1 Qb2 52. Qxb2 Bxb2 53. Re1 Kf6 54. Kf3 Bc3 55. Re4 Kf5 56. Rc4 Ke6 57. Ke2 Kd6 58. Rxc3 1-0

[Event "BLR-ch (Women)"]
[Site "Minsk"]
[Date "2007.03.04"]
[Round "4"]
[White "Sharova, Alexandra"]
[Black "Savushkina, Evgenia"]
[Result "1-0"]
[WhiteElo "2146"]
[BlackElo "2155"]
[PlyCount "103"]
[EventDate "2007.03.01"]
[EventType "tourn"]
[EventRounds "11"]
[EventCountry "BLR"]
[SourceTitle "EXT 2010"]
[Source "ChessBase"]
[SourceDate "2010.11.25"]
[SourceVersion "1"]
[SourceVersionDate "2010.11.25"]
[SourceQuality "1"]

1. d4 c5 2. d5 e5 3. e4 d6 4. c4 Nf6 5. Nc3 Be7 6. g3 0-0 7. Bg2 Na6 8. Nge2 Nc7 9. 0-0 a6 10. a4 b6 11. f4 Nd7 12. Qd3 Rb8 13. Be3 Bf6 14. Kh1 Re8 15. f5 Bg5 16. Rf3 Nf8 17. g4 Bxe3 18. Qxe3 f6 19. h4 h6 20. Rg3 Nh7 21. Ng1 Kf7 22. Nf3 Rh8 23. Kg1 b5 24. axb5 axb5 25. cxb5 Nxb5 26. Nxb5 Rxb5 27. g5 hxg5 28. hxg5 Nxg5 29. Nxg5+ fxg5 30. b3 g6 31. Rxg5 gxf5 32. Ra7+ Rb7 33. Rxb7+ Bxb7 34. Rxf5+ Ke8 35. Qg3 Qh4 36. Qg6+ Kd7 37. Rf7+ Kc8 38. Qe6+ Kb8 39. Qxd6+ Ka8 40. Qxc5 Qh2+ 41. Kf2 Qh4+ 42. Ke2 Ba6+ 43. Kd1 Qh5+ 44. Rf3 Rc8 45. Qe3 Qh2 46. Rg3 Qh5+ 47. Kd2 Qf7 48. Bh3 Rf8 49. Kc2 Qe7 50. Kb2 Rb8 51. Qc3 Qf8 52. Rf3 1-0

[Event "BLR-ch (Women)"]
[Site "Minsk"]
[Date "2007.03.03"]
[Round "3"]
[White "Savushkina, Evgenia"]
[Black "Homiakova, Ekaterina"]
[Result "1/2-1/2"]
[WhiteElo "2155"]
[BlackElo "2056"]
[PlyCount "69"]
[EventDate "2007.03.01"]
[EventType "tourn"]
[EventRounds "11"]
[EventCountry "BLR"]
[SourceTitle "EXT 2010"]
[Source "ChessBase"]
[SourceDate "2010.11.25"]
[SourceVersion "1"]
[SourceVersionDate "2010.11.25"]
[SourceQuality "1"]

1. e4 c5 2. Nf3 Nc6 3. d4 cxd4 4. c3 dxc3 5. Nxc3 d6 6. Bc4 e6 7. 0-0 Be7 8. Qe2 Nf6 9. Rd1 e5 10. h3 0-0 11. b4 a6 12. a4 Be6 13. Bxe6 fxe6 14. Ba3 Rc8 15. Rac1 Qb6 16. a5 Qa7 17. Qa2 Nd4 18. Nxd4 exd4 19. Qxe6+ Kh8 20. Nd5 Rxc1 21. Rxc1 Nxd5 22. exd5 d3 23. Qxe7 Qxf2+ 24. Kh1 d2 25. Rd1 h6 26. Bb2 Rf7 27. Qe8+ Kh7 28. Qe4+ Kg8 29. Qe8+ Kh7 30. Qe4+ Kg8 31. Qg4 h5 32. Qxh5 Qf1+ 33. Kh2 Qf4+ 34. Kg1 Qf2+ 35. Kh1 1/2-1/2

[Event "BLR-ch (Women)"]
[Site "Minsk"]
[Date "2007.03.01"]
[Round "1"]
[White "Savushkina, Evgenia"]
[Black "Minina, Alena"]
[Result "0-1"]
[WhiteElo "2155"]
[BlackElo "2029"]
[PlyCount "118"]
[EventDate "2007.03.01"]
[EventType "tourn"]
[EventRounds "11"]
[EventCountry "BLR"]
[SourceTitle "EXT 2010"]
[Source "ChessBase"]
[SourceDate "2010.11.25"]
[SourceVersion "1"]
[SourceVersionDate "2010.11.25"]
[SourceQuality "1"]

1. e4 c6 2. d4 d5 3. exd5 cxd5 4. Bd3 Nc6 5. c3 Nf6 6. Bf4 Bg4 7. Nf3 e6 8. Nbd2 Bd6 9. Bxd6 Qxd6 10. 0-0 0-0 11. Re1 a6 12. Nf1 b5 13. a3 Na5 14. h3 Bh5 15. Ng3 Bg6 16. Ne5 Bxd3 17. Nxd3 Nc4 18. h4 Qc7 19. h5 h6 20. Rc1 Rac8 21. Rc2 a5 22. Nf1 Nd6 23. g4 Nfe4 24. f3 Ng5 25. Rg2 Nc4 26. Ng3 Nh3+ 27. Kh2 Nf4 28. Rf2 Nxd3 29. Qxd3 Qd6 30. f4 b4 31. axb4 axb4 32. Rg1 bxc3 33. bxc3 f6 34. Kh1 Rb8 35. Ne2 Qe7 36. Rfg2 Nd6 37. Ng3 f5 38. Nf1 fxg4 39. Rxg4 Ne4 40. Qc2 Rf7 41. Ng3 Nd6 42. Qh2 Rbf8 43. Ne2 Nf5 44. Rg6 Rf6 45. Nc1 Rxg6 46. Rxg6 Rf6 47. Nd3 Rxg6 48. hxg6 Qf6 49. Ne5 Qh4 50. Qxh4 Nxh4 51. Kh2 Kf8 52. Kh3 Nf5 53. Nc6 Ke8 54. Ne5 Ke7 55. Ng4 h5 56. Ne5 Kf6 57. c4 dxc4 58. Nxc4 Nxd4 59. Ne5 Ne2 0-1

[Event "BLR-ch (Women)"]
[Site "Minsk"]
[Date "2005.03.18"]
[Round "8"]
[White "Savushkina, Evgenia"]
[Black "Kovalevskaya, Natalia"]
[Result "0-1"]
[WhiteElo "2074"]
[BlackElo "2035"]
[PlyCount "54"]
[EventDate "2005.03.11"]
[EventType "tourn"]
[EventRounds "11"]
[EventCountry "BLR"]
[SourceTitle "CBM 105 Extra"]
[Source "ChessBase"]
[SourceDate "2005.05.01"]
[SourceVersion "1"]
[SourceVersionDate "2005.05.01"]
[SourceQuality "1"]

1. e4 c5 2. Nf3 d6 3. d4 cxd4 4. Nxd4 Nf6 5. Nc3 a6 6. g3 e5 7. Nde2 Be7 8. Bg2 b5 9. h3 0-0 10. g4 b4 11. Nd5 Nxd5 12. exd5 f5 13. gxf5 Bxf5 14. Ng3 Bg6 15. Be4 Qe8 16. Qg4 Qf7 17. Be3 Bxe4 18. Qxe4 Nd7 19. Qxb4 Qxd5 20. Qb3 Qxb3 21. axb3 d5 22. Ra5 Bb4+ 23. Bd2 Bxa5 24. Bxa5 Rac8 25. c3 Nc5 26. Ke2 Nxb3 27. Bb6 Rc6 0-1

[Event "BLR-ch (Women) 48th"]
[Site "Minsk"]
[Date "2004.02.29"]
[Round "10"]
[White "Popova, Natalija"]
[Black "Savushkina, Evgenia"]
[Result "1-0"]
[WhiteElo "2287"]
[BlackElo "2053"]
[PlyCount "67"]
[EventDate "2004.02.20"]
[EventType "tourn"]
[EventRounds "11"]
[EventCountry "BLR"]
[SourceTitle "EXT 2005"]
[Source "ChessBase"]
[SourceDate "2004.11.15"]
[SourceVersion "1"]
[SourceVersionDate "2004.11.15"]
[SourceQuality "1"]

1. e4 c5 2. Nf3 Nc6 3. d4 cxd4 4. Nxd4 g6 5. Nc3 Bg7 6. Nb3 Nf6 7. Be2 0-0 8. 0-0 d6 9. Bg5 a6 10. a4 Be6 11. f4 Bxb3 12. cxb3 Qb6+ 13. Kh1 Na5 14. Ra3 Rac8 15. Bxf6 Bxf6 16. Nd5 Qd8 17. Nxf6+ exf6 18. b4 Nc6 19. b5 Nb4 20. bxa6 bxa6 21. a5 Nc2 22. Rh3 Re8 23. Bxa6 Rc5 24. Bb7 Qxa5 25. Qxd6 Nb4 26. Rg1 Qb5 27. Rb3 Re6 28. Qd8+ Kg7 29. Bd5 Re8 30. Qd6 Qa5 31. Ra3 Qb5 32. Bxf7 Rf8 33. Be6 Nc6 34. Ra7+ 1-0

[Event "BLR-ch (Women) 48th"]
[Site "Minsk"]
[Date "2004.02.24"]
[Round "5"]
[White "Polivoda, Nadeja"]
[Black "Savushkina, Evgenia"]
[Result "1-0"]
[WhiteElo "2187"]
[BlackElo "2053"]
[PlyCount "103"]
[EventDate "2004.02.20"]
[EventType "tourn"]
[EventRounds "11"]
[EventCountry "BLR"]
[SourceTitle "EXT 2005"]
[Source "ChessBase"]
[SourceDate "2004.11.15"]
[SourceVersion "1"]
[SourceVersionDate "2004.11.15"]
[SourceQuality "1"]

1. e4 c5 2. c3 d6 3. d4 Nf6 4. Bd3 cxd4 5. cxd4 e5 6. Nf3 Bg4 7. Be3 Be7 8. Nbd2 0-0 9. Qb3 exd4 10. Nxd4 Nbd7 11. f3 Nc5 12. Qc2 Bd7 13. 0-0 Rc8 14. Qb1 Qe8 15. Bc2 Bd8 16. Re1 b5 17. b4 Nb7 18. Bb3 Bb6 19. Qd3 a6 20. Kh1 Bc7 21. Nf1 Qe5 22. Ng3 Nh5 23. Nde2 Nd8 24. Nxh5 Qxh5 25. Bf4 Nc6 26. Qd2 Rfd8 27. Bg3 Ne5 28. Nf4 Qh6 29. Red1 Bc6 30. Rac1 Bb8 31. a3 Bb7 32. a4 bxa4 33. Bxa4 Ng6 34. Rxc8 Rxc8 35. Bb3 Ne5 36. Bd5 Nc4 37. Qf2 Bxd5 38. Nxd5 Qe6 39. Qa2 Ne3 40. Qxa6 Nxd5 41. exd5 Qf5 42. Bxd6 Qc2 43. Rg1 Bxd6 44. Qxd6 g6 45. Qe7 Qd2 46. Qe4 Rc1 47. h3 Rxg1+ 48. Kxg1 Qc1+ 49. Kh2 Qc7+ 50. f4 g5 51. Qe8+ Kg7 52. Qe5+ 1-0